Metodología jurídica: una introducción filosófica I
Saved in:
| Main Author: | |
|---|---|
| Format: | Book |
| Language: | Spanish |
| Published: |
Ciudad de México
Fontamara
1997
|
| Series: | Colección Biblioteca de Etica, Filosofía del Derecho y Política, 197
|
| Subjects: | |
| Tags: |
Add Tag
No Tags, Be the first to tag this record!
|
MARC
| LEADER | 00000nam a2200000 a 4500 | ||
|---|---|---|---|
| 001 | UCQ3997 | ||
| 003 | CL-VaPUC | ||
| 008 | 980829e19970000MX |||||||||||||||||spa|d | ||
| 082 | 0 | 4 | |a 340.11 |b COR |2 21 |
| 100 | 0 | |a Correas, Oscar |e author |9 418210 | |
| 245 | 1 | 0 | |a Metodología jurídica: una introducción filosófica I |
| 300 | |a V | ||
| 942 | |c BK | ||
| 945 | |d 19980829 00:00:00 |a aarredon | ||
| 260 | |a Ciudad de México |b Fontamara |c 1997 | ||
| 650 | 0 | |a Filosofía del derecho |9 255050 | |
| 650 | 0 | |a Enseñanza del derecho |9 354184 | |
| 650 | 0 | |a Normas jurídicas |9 258310 | |
| 650 | 7 | |a DERECHO |2 CL-VaPUC |9 418211 | |
| 650 | 7 | |a RACIONALISMO JURIDICO |2 CL-VaPUC |9 393550 | |
| 650 | 0 | |a Fuentes del derecho |9 255162 | |
| 650 | 7 | |a CIENCIA JURIDICA |2 CL-VaPUC |9 418212 | |
| 650 | 0 | |a Hermenéutica |9 269473 | |
| 583 | |a last modification |c 19980829 00:00:00 |k Rodrigo Vera | ||
| 490 | 0 | |a Colección Biblioteca de Etica, Filosofía del Derecho y Política, 197 | |
| 999 | |c 274502 |d 274500 | ||
| 952 | |0 0 |1 0 |4 0 |6 340_110000000000000_COR_1997 |7 0 |8 DER_TF |9 310685 |a BIBDER |b BIBDER |d 2019-11-20 |h v.1 |i 3458792 |l 1 |o 340.11 COR 1997 |p 3458792 |r 2023-01-25 |s 2020-03-18 |w 2019-11-20 |x Ubicación 4to Piso |y BK |z Estos recursos deben solicitarse con anticipación |k DER | ||